50 Largest Kiribati Villages - Statistics

General Stats
  • This quiz has been taken 44 times
  • The average score is 3 of 51
Answers on the Map
Answers color-coded by a green-red scale on the quiz's map according to % correct below.
 
Answer Stats
Village Population % Correct
Banana 1,458
95%
London 1,986
95%
Betio 18,429
26%
Tabwakea 3,522
26%
Bairiki 3,522
5%
Bikenibeu 7,530
5%
Bonriki 3,047
5%
Eita 3,858
5%
Eita 791
5%
Nuotaea 322
5%
Tabiteuea 524
5%
Tebaronga 41
5%
Ukiangang 654
5%
Abarao 2,018
0%
Abatao 480
0%
Ambo 3,345
0%
Antebuka 1,213
0%
Aonobuaka 447
0%
Bakaka 440
0%
Banraeaba 2,875
0%
Buariki 739
0%
Buariki 684
0%
Buariki 500
0%
Bubutei 506
0%
Buota 1,628
0%
Causeway 2,541
0%
Kariatebike 525
0%
Kiebu 384
0%
Makin 1,530
0%
Matang 583
0%
Morikao 507
0%
Nabeina 484
0%
Nanikai 1,256
0%
Nooto 811
0%
Rawannawi 878
0%
Roreti 531
0%
Rungata 958
0%
Tabiang 609
0%
Tabiang 471
0%
Taboiaki 667
0%
Taborio 1,406
0%
Tabwiroa 473
0%
Tanaeang 565
0%
Tangkore 582
0%
Teaoraereke 6,007
0%
Tebunginako 443
0%
Temanokunuea 443
0%
Temwaiku 5,495
0%
Tereitaki 370
0%
Tuarabu 556
0%
Utiroa 796
0%
No matching quizzes found
Score Distribution
Percent of People with Each Score
Percentile by Number Answered
Your Score History
You have not taken this quiz